000 00328nam a2200109Ia 4500
008 240521s1999 xx 000 0 und d
041 _aeng
100 _aRAMSEYSLEEPER
245 _aARCHITECTURAL GRAPHIC STANDARD,STUDENTS EDITION,ABRIDGED FROM THE SEVENTH EDITION.
260 _bSIMULTANEOUSLY IN CANADA
_c1999
300 _a486
999 _c1157815
_d1157815